01276nam a2200289 a 450000100100000000500170001000800410002702000180006804000250008608200180011110000490012924500610017826000420023930000270028150000550030850000340036360000620039765000200045965000350047965000340051470000480054804900090059695201300060595201150073595201210085099900150097100000781520200929154315.0090911s2009 dr a 001 0 spa d a9789945860283 aDO-SdBNPbspacBNPHU a920.72bR696N1 aNegro- Veras, Ramón Antonio,c1938-92152010aCarmen, cáncer y lucha /cRamón Antonio Negro Veras. aSanto Domingo :bCuesta-Veliz,c2009. a163 p. :bil ;c22 cm. aIncluye datos biográficos del autor en la solapa aIncluye índice onomástico14aRODRÍGUEZ RODRÍGUEZ, CARMEN TERESA,d1937-2005921521 4aCáncer921522 4aCáncerxQuimioterapia921523 4aCáncerxRadioterapia9215241 aRodríguez del Orbe, Abel,epról.921525 aBNPD 001054708DSaGRbGRcCTd2009-09-11iLF1l0o920.72 R696Np7815-30r2020-06-25te. 3w2020-06-25yLFDSZPréstamo en sala 0010718PDaPDbPDcCTd2009-09-11iLF1l0o920.72 R696Np7815-10r2020-06-25w2020-06-25yLFPDZNo se presta 0010718PDaPDbPDcCTd2009-09-11iLF1l0o920.72 R696Np7815-20r2020-06-25te. 2w2020-06-25yLFPDZNo se presta c7593d7593